000 00767nam a2200229Ia 4500
005 20260310105015.0
008 241129s9999||||xx |||||||||||||| ||und||
020 _a9781503636712
037 _cGeneral Book
040 _aRTL
_beng
_cRTL
041 _aeng
_2eng
084 _aY:4582.438 R3
_qRTL
100 _aPrasse-Freeman Elliott
_9668697
245 0 _aRights refused: grassroots activism and state violence in Myanmar
260 _aCalifornia
_bStanford University Press
_c2023
300 _axxxii,329p.
_bIncludes bibliographical references and index
365 _aINR
_bRs.2669.44
490 _aStanford Studies in Human Rights
650 _aHuman Rights- Burma
_9725613
942 _cGB
_hY:4582.438 R3
_2CC
999 _c1225229
_d1225229